Classement Tournoi des 6 Nations 2026. - Statistiques

Statistiques générales
  • Ce quiz a été pris 76 fois
  • Le résultat moyen est 6 sur 6
Statistiques - réponses
Rang Points Points inscrits Nations % Correct
1 21 211 France
100%
4 9 79 Italie
97%
2 19 146 Irlande
97%
5 8 153 Angleterre
96%
3 16 143 Écosse
96%
6 6 90 Pays de Galles
93%
Aucun quiz correspondant
Distribution des résultats
% des personnes avec chaque résultat
Percentile par nombre de réponses
Votre historique - résultats
Vous n’avez pas pris ce quiz